LEADER 04056nam 22006975 450 001 9911018661103321 005 20250724130303.0 010 $a3-031-94977-3 024 7 $a10.1007/978-3-031-94977-7 035 $a(MiAaPQ)EBC32234580 035 $a(Au-PeEL)EBL32234580 035 $a(CKB)39710489900041 035 $a(DE-He213)978-3-031-94977-7 035 $a(EXLCZ)9939710489900041 100 $a20250724d2025 u| 0 101 0 $aeng 135 $aurcnu|||||||| 181 $ctxt$2rdacontent 182 $cc$2rdamedia 183 $acr$2rdacarrier 200 14$aThe Application of Foreign Investment Protection in Times of Armed Conflict /$fby Petr Stejskal 205 $a1st ed. 2025. 210 1$aCham :$cSpringer Nature Switzerland :$cImprint: Palgrave Macmillan,$d2025. 215 $a1 online resource (337 pages) 225 1 $aGlobal Issues,$x2947-8871 311 08$a3-031-94976-5 330 $aThe monograph presents scenarios of situations where foreign investments suffer damage. These model scenarios are based on thorough analysis of real cases, facts from the ground and recent arbitral practice (relating namely to arbitrations against Russia, Syria or Libya). This allows the author, in the next step, to ascertain what rules are applicable to the conduct of states towards foreign investments, but also to demonstrate how they apply in real-case scenarios. In particular, the work identifies and applies to these tailored scenarios relevant norms of international investment law, international humanitarian law and international human rights law. These regimes are relevant for protection of foreign investment, but they differ as to the situations they govern, parties whose conduct they regulate and obligations they stipulate. It is therefore appropriate to analyse in their interconnection how these rules govern typical situations that may arise during armed conflict and what particularly they prescribe. On the basis of application of these rules on the defined scenarios, the monograph focuses on the issue of applicability of investment treaties in occupied territories and on interactions and on the issue of conflict of norms in situations where foreign investments qualify as military objectives. Petr Stejskal is a senior lecturer at the Faculty of Law, Palacký University Olomouc. He is also a member of the affiliated Centre for International Humanitarian and Operational Law (jointly established by the Faculty of Law and Special Forces of the Army of the Czech Republic). He also works as a part-time officer-lawyer at the Ministry of Industry and Trade of the Czech Republic (agenda of economic resilience). 410 0$aGlobal Issues,$x2947-8871 606 $aConflict of laws 606 $aConflict of laws 606 $aInternational law 606 $aComparative law 606 $aHumanitarian law 606 $aInternational finance 606 $aInternational relations 606 $aPrivate International Law, International and Foreign Law, Comparative Law 606 $aPublic International Law 606 $aInternational Humanitarian Law, Law of Armed Conflict 606 $aInternational Finance 606 $aInternational Relations 615 0$aConflict of laws. 615 0$aConflict of laws. 615 0$aInternational law. 615 0$aComparative law. 615 0$aHumanitarian law. 615 0$aInternational finance. 615 0$aInternational relations. 615 14$aPrivate International Law, International and Foreign Law, Comparative Law. 615 24$aPublic International Law. 615 24$aInternational Humanitarian Law, Law of Armed Conflict. 615 24$aInternational Finance. 615 24$aInternational Relations. 676 $a346.092 700 $aStejskal$b Petr$01836717 801 0$bMiAaPQ 801 1$bMiAaPQ 801 2$bMiAaPQ 906 $aBOOK 912 $a9911018661103321 996 $aThe Application of Foreign Investment Protection in Times of Armed Conflict$94414907 997 $aUNINA